| 000 | 00732nam a22002057a 4500 | ||
|---|---|---|---|
| 003 | OSt | ||
| 005 | 20240229073828.0 | ||
| 008 | 201008b ||||| |||| 00| 0 eng d | ||
| 040 |
_aDO-SdBNP _bspa _cBNPHU |
||
| 082 | _bR696c | ||
| 100 | 1 |
_aRodrìguez, Vìctor Meliton _976807 |
|
| 245 | 1 | 0 |
_aConducta, capacitaciòn y valores en el trabajo : _btemas complementarios de supervisiòn y disciplina. / _cVictor Meliton Rodrìguez ; dirigida por Raymundo Amaro Guzmàn |
| 260 |
_aSanto Domingo : _bONAP, _c1982 |
||
| 300 |
_a276 p. _c23 cm |
||
| 490 |
_aEstudios Administrativos ; _v10 |
||
| 590 | _aInventariado, 2020 / DG | ||
| 700 | 1 |
_aAmaro Guzmán, Raymundo _eDirigida _9656 |
|
| 910 | _aInventariado, 2020 / DG | ||
| 942 |
_2ddc _cLF1 |
||
| 999 |
_c48846 _d48846 |
||